000 00842nam a2200229Ia 4500
001 17478
003 GE_BSU
008 181216s||||||||xx |||||||||||||| ||und||
040 _cGE_BSU
080 _a087.5:796.525(479.22)
100 _aკეცხოველი,ნ.
245 _aთოვლიან მთებში
245 _bიალბუზი. I წიგნი
245 _cგან. სახ. კომ. სოც. აღზრდ.მთავარმართ. სალიტ.სამხ. სექციის რედაქციით.
260 _aტფილისი
260 _bსახელგამი
260 _c1927
300 _a119,[1]გვ.;23სმ
300 _eილ.
653 _aთოვლიან მთებში:იალბუზი. I წიგნი
942 _cBK
999 _c50529
_d50529